Anderson Antiques (UK) Ltd v Anderson Wharf (Hull) Ltd and Akrill (Record no. 79776)

MARC details
000 -LEADER
fixed length control field 02129cab a22002655a 4500
001 - CONTROL NUMBER
control field L142332
008 - FIXED-LENGTH DATA ELEMENTS--GENERAL INFORMATION
fixed length control field 080206e2007 xxk 000 0 eng d
035 ## - SYSTEM CONTROL NUMBER
System control number (Sirsi) u142332
041 0# - LANGUAGE CODE
Language code of text/sound track or separate title eng
245 00 - TITLE STATEMENT
Title Anderson Antiques (UK) Ltd v Anderson Wharf (Hull) Ltd and Akrill
260 ## - PUBLICATION, DISTRIBUTION, ETC.
Date of publication, distribution, etc. 2007
520 ## - SUMMARY, ETC.
Summary, etc. [2007] EWHC 2086 (Ch), 23 May 2007. Considers whether it is possible to rely upon proprietary estoppel to justify notices of registration against a landowner's registered title, for the purposes of property development. Also considers the extent of personal liability of company directors. The applicant company (A) sought the cancellation of notices registered by the first respondent company against registered titles to its development site. The defendant (W) alleged that A had entered into verbal contract to sell the land, which A denied. W claimed to have acted in detrimental reliance by making preparations for purchase of the land. "Held": The precise boundaries of proprietary estoppel law were uncertain. Additionally, W's claims were less than entirely credible and could not hold the weight that documentary evidence would have done. Summary judgment was given against W. It was declared that W had no interest in the site, and additionally that the notices of registration be cancelled. W was liable for any loss of value incurred by A. The facts disclosed a clear case of procurement by W's company director, Mr Akrill, sufficient to make him also liable for costs.
590 ## - LOCAL NOTE (RLIN)
Local note KA
650 24 - SUBJECT ADDED ENTRY--TOPICAL TERM
Topical term or geographic name entry element ANDERSON ANTIQUES (UK) LTD V ANDERSON WHARF (HULL) LTD AND AKRILL
650 24 - SUBJECT ADDED ENTRY--TOPICAL TERM
Topical term or geographic name entry element LAND REGISTRATION ACT 2002 S77
650 24 - SUBJECT ADDED ENTRY--TOPICAL TERM
Topical term or geographic name entry element LAW OF PROPERTY (MISCELLANEOUS PROVISIONS) ACT 1989 S2
650 24 - SUBJECT ADDED ENTRY--TOPICAL TERM
Topical term or geographic name entry element YAXLEY V GOTTS
650 24 - SUBJECT ADDED ENTRY--TOPICAL TERM
Topical term or geographic name entry element COBBE V YEOMAN'S ROW MANAGEMENT LTD
651 #4 - SUBJECT ADDED ENTRY--GEOGRAPHIC NAME
Geographic name England and Wales
Chronological subdivision 1543-
690 ## - LOCAL SUBJECT ADDED ENTRY--TOPICAL TERM (OCLC, RLIN)
Topical term or geographic name as entry element Planning and development
9 (RLIN) 6259
690 ## - LOCAL SUBJECT ADDED ENTRY--TOPICAL TERM (OCLC, RLIN)
Topical term or geographic name as entry element PROPERTY-RURAL AND NATURAL ASSETS-LAND
690 ## - LOCAL SUBJECT ADDED ENTRY--TOPICAL TERM (OCLC, RLIN)
Topical term or geographic name as entry element PROPERTY-PROPERTY ACQUISITION AND DISPOSAL
856 40 - ELECTRONIC LOCATION AND ACCESS
Uniform Resource Identifier <a href="https://www.bailii.org/ew/cases/EWHC/Ch/2007/2086.html">https://www.bailii.org/ew/cases/EWHC/Ch/2007/2086.html</a>
Public note View the judgment free of charge at www.bailii.org...
942 ## - ADDED ENTRY ELEMENTS (KOHA)
Suppress in OPAC 0
Holdings
Withdrawn status Lost status Source of classification or shelving scheme Damaged status Not for loan Home library Current library Shelving location Date acquired Total Checkouts Full call number Barcode Date last seen Copy number Price effective from Koha item type
    Dewey Decimal Classification     London London Journal article 06/02/2008   ONLINE PUBLICATION 142332-1001 06/08/2019 1 06/08/2019 Journal article